| 000 | 00739nam a2200217Ia 4500 | ||
|---|---|---|---|
| 003 | GCL | ||
| 008 | 140319s9999 xx 000 0 ara d | ||
| 040 |
_aGCL / _cGCL |
||
| 082 | 0 | 4 |
_a616.71 _bع ع |
| 100 | 1 | _aعبدالحى مشهور | |
| 245 | 1 | 0 |
_aالعظام والمفاصل كيف تحافظ عليها ؟ / _cعبدالحى مشهور |
| 260 |
_aالقاهرة : _bمركز الاهرام للترجمة والنشر ، _c2001 |
||
| 300 |
_a111 ص ؛ _c16 سم |
||
| 490 |
_aاعرف صحتك _v24 |
||
| 650 | 0 | 4 | _aالمفاصل - امراض |
| 650 | 0 | 4 | _aالعظام - امراض |
| 650 | 0 | 4 | _aالعظام - التهاب |
| 650 | 0 | 4 | _aالعظام - كسور |
| 650 | 0 | 4 | _aالعظام - اورام |
| 942 |
_2ddc _cBK |
||
| 999 |
_c33250 _d33250 |
||